Koffman & Macdonald's law of contract / (Record no. 613632)
[ view plain ]
| 000 -LEADER | |
|---|---|
| fixed length control field | 01397cam a2200349 i 4500 |
| 001 - CONTROL NUMBER | |
| control field | 22375155 |
| 005 - DATE AND TIME OF LATEST TRANSACTION | |
| control field | 20250417100931.0 |
| 008 - FIXED-LENGTH DATA ELEMENTS--GENERAL INFORMATION | |
| fixed length control field | 220107s2022 enk b 001 0 eng |
| 010 ## - LIBRARY OF CONGRESS CONTROL NUMBER | |
| LC control number | 2022930335 |
| 020 ## - INTERNATIONAL STANDARD BOOK NUMBER | |
| International Standard Book Number | 9780198860907 |
| Qualifying information | (paperback) |
| 040 ## - CATALOGING SOURCE | |
| Original cataloging agency | DLC |
| Language of cataloging | eng |
| Description conventions | rda |
| Transcribing agency | DLC |
| 042 ## - AUTHENTICATION CODE | |
| Authentication code | pcc |
| 043 ## - GEOGRAPHIC AREA CODE | |
| Geographic area code | e-uk-en |
| 050 00 - LIBRARY OF CONGRESS CALL NUMBER | |
| Classification number | KD1554 |
| Item number | .K64 2022 |
| 082 ## - DEWEY DECIMAL CLASSIFICATION NUMBER | |
| Classification number | 346.4202 |
| Author Mark | ATK |
| 100 1# - MAIN ENTRY--PERSONAL NAME | |
| Personal name | Macdonald, Elizabeth |
| Titles and words associated with a name | (Professor of law), |
| Relator term | author. |
| 9 (RLIN) | 85736 |
| 245 10 - TITLE STATEMENT | |
| Title | Koffman & Macdonald's law of contract / |
| Statement of responsibility, etc. | Elizabeth Macdonald, Professor of Law, Swansea University; Ruth Atkins, Lecturer in Law, Aberystwyth University ; with contributions from Jens Krebs, Senior Lecturer in Law, University of Portsmouth. |
| 246 30 - VARYING FORM OF TITLE | |
| Title proper/short title | Law of contract |
| 250 ## - EDITION STATEMENT | |
| Edition statement | Tenth edition. |
| 264 #1 - PRODUCTION, PUBLICATION, DISTRIBUTION, MANUFACTURE, AND COPYRIGHT NOTICE | |
| Place of production, publication, distribution, manufacture | Oxford, United Kingdom : |
| Name of producer, publisher, distributor, manufacturer | Oxford University Press, |
| Date of production, publication, distribution, manufacture, or copyright notice | [2022] |
| 300 ## - PHYSICAL DESCRIPTION | |
| Extent | ii, 591 pages ; |
| Dimensions | 25 cm. |
| 336 ## - CONTENT TYPE | |
| Content type term | text |
| Content type code | txt |
| Source | rdacontent |
| 337 ## - MEDIA TYPE | |
| Media type term | unmediated |
| Media type code | n |
| Source | rdamedia |
| 338 ## - CARRIER TYPE | |
| Carrier type term | volume |
| Carrier type code | nc |
| Source | rdacarrier |
| 504 ## - BIBLIOGRAPHY, ETC. NOTE | |
| Bibliography, etc. note | Includes bibliographical references and index. |
| 650 #0 - SUBJECT ADDED ENTRY--TOPICAL TERM | |
| Topical term or geographic name entry element | Contracts |
| Geographic subdivision | England. |
| 700 1# - ADDED ENTRY--PERSONAL NAME | |
| Personal name | Atkins, Ruth |
| Fuller form of name | (Ruth Dawn), |
| Relator term | author. |
| 9 (RLIN) | 85738 |
| 700 1# - ADDED ENTRY--PERSONAL NAME | |
| Personal name | Koffman, Laurence. |
| Title of a work | Law of contract. |
| 9 (RLIN) | 85739 |
| 906 ## - LOCAL DATA ELEMENT F, LDF (RLIN) | |
| a | 7 |
| b | cbc |
| c | origcop |
| d | 2 |
| e | epcn |
| f | 20 |
| g | y-gencatlg |
| 942 ## - ADDED ENTRY ELEMENTS (KOHA) | |
| Source of classification or shelving scheme | |
| Koha item type | Book |
| Withdrawn status | Lost status | Source of classification or shelving scheme | Damaged status | Not for loan | Permanent Location | Current Location | Date acquired | Total Checkouts | Full call number | Barcode | Date last seen | Date last checked out | Price effective from | Koha item type |
|---|---|---|---|---|---|---|---|---|---|---|---|---|---|---|
| NUST Law School (NLS) | NUST Law School (NLS) | 04/17/2025 | 1 | 346.4202 ATK | NLS-1696 | 12/11/2025 | 09/09/2025 | 04/17/2025 | Book |
